000 01446nam0a2200373 4500
001 RU\NLR\BIBL_A\012702593
005 20220330145815.0
010 _a978-5-00154-617-7
_93000
021 _aRU
_bКН-П-22-018633
_9КН-П-22-1599
021 _aRU
_bКН-П-21-072757
_9КН-П-21-5777
035 _a(NLR Aleph) 012702593
035 _a(RuMoRGB)010845103
090 _a12883370
_c12883370
100 _a20220208d2021 b y0rusy50 ca
101 1 _arus
_ceng
102 _aRU
105 _aa|||z|||000ay
181 0 _ab3
_bxb2e
181 0 _ai1
_baxxe
182 0 _an
200 1 _aНе бойся, Дракоша!
_eдля чтения взрослыми детям
_e[2-5 лет]
_fпридумала Бьянка Шульц
_gперевод с английского Елены Фельдман
_gнарисовала Самара Харди
203 _aИзображение
_aТекст
_bвизуальные
_cнепосредственные
210 _aМосква
_cClever
_cКлевер-Медиа-Групп
_d2021
215 _a32 с.
_cцв. ил.
_d25x25
225 1 _aДракоша
686 0 _aШ9(7США)60-4
700 1 _aШульц
_bБ.
_gБьянка
_3RU\NLR\AUTH\770221632
702 1 _aХарди
_bС.
_gСамара
_4440
942 _cBOOK
980 _aNB